000 00692cam a22002291 4500
001 agr51000014
003 DLC
005 20260227111014.0
008 780921s1950 iluac 000 0 eng
010 _aagr51000014
035 _a(OCoLC)4241671
040 _aDLC
_cCoFS
_dDLC
042 _apremarc
050 0 0 _aSF293.A8
_bH37
082 _a636.11
100 1 _aHarris, Albert Wadsworth,
_d1867-
245 1 4 _aThe history of the Arabian Horse Club Registry of America, inc., 1908-1950.
260 _aChicago,
_bArabian Horse Club Registry of America
_c[1950]
300 _a64 p.
_billus., port.
_c21 cm.
610 2 0 _aArabian Horse Club Registry of America.
650 0 _aArabian horse.
999 _c11256
_d11256